| 000 -LEADER |
| fixed length control field |
01528cam a2200337 a 4500 |
| 003 - CONTROL NUMBER IDENTIFIER |
| control field |
OSt |
| 005 - DATE AND TIME OF LATEST TRANSACTION |
| control field |
20220316140317.0 |
| 008 - FIXED-LENGTH DATA ELEMENTS--GENERAL INFORMATION |
| fixed length control field |
100628s2010 ctua b 001 0 eng |
| 010 ## - LIBRARY OF CONGRESS CONTROL NUMBER |
| LC control number |
2010027339 |
| 020 ## - INTERNATIONAL STANDARD BOOK NUMBER |
| International Standard Book Number |
9780300166187 |
| 020 ## - INTERNATIONAL STANDARD BOOK NUMBER |
| International Standard Book Number |
0300166184 |
| 035 ## - SYSTEM CONTROL NUMBER |
| System control number |
(OCoLC)ocn648096330 |
| 040 ## - CATALOGING SOURCE |
| Original cataloging agency |
DLC |
| Transcribing agency |
DLC |
| Modifying agency |
DLC |
| 043 ## - GEOGRAPHIC AREA CODE |
| Geographic area code |
e-uk--- |
| 082 00 - DEWEY DECIMAL CLASSIFICATION NUMBER |
| Classification number |
720.941/09045 |
| Edition number |
22 |
| 245 00 - TITLE STATEMENT |
| Title |
Neo-avant-garde and postmodern : |
| Remainder of title |
postwar architecture in Britain and beyond / |
| Statement of responsibility, etc |
edited by Mark Crinson and Claire Zimmerman. |
| 260 ## - PUBLICATION, DISTRIBUTION, ETC. (IMPRINT) |
| Place of publication, distribution, etc |
New Haven, CT : |
| Name of publisher, distributor, etc |
Yale Center for British Art ; |
| Place of publication, distribution, etc |
London : |
| Name of publisher, distributor, etc |
Paul Mellon Centre for Studies in British Art ; |
| Place of publication, distribution, etc |
New Haven, CT : |
| Name of publisher, distributor, etc |
Distributed by Yale University Press, |
| Date of publication, distribution, etc |
c2010. |
| 300 ## - PHYSICAL DESCRIPTION |
| Extent |
xi, 420 p. : |
| Other physical details |
ill. (some col.) ; |
| Dimensions |
27 cm. |
| 490 1# - SERIES STATEMENT |
| Series statement |
Studies in British art ; |
| Volume number/sequential designation |
21 |
| 504 ## - BIBLIOGRAPHY, ETC. NOTE |
| Bibliography, etc |
Includes bibliographical references and index. |
| 650 #0 - SUBJECT ADDED ENTRY--TOPICAL TERM |
| Topical term or geographic name as entry element |
Architecture |
| Geographic subdivision |
Great Britain |
| General subdivision |
History |
| Chronological subdivision |
20th century |
| General subdivision |
Themes, motives. |
| 650 #0 - SUBJECT ADDED ENTRY--TOPICAL TERM |
| Topical term or geographic name as entry element |
Architecture, Modern |
| Chronological subdivision |
20th century |
| General subdivision |
Themes, motives. |
| 700 1# - ADDED ENTRY--PERSONAL NAME |
| Personal name |
Crinson, Mark. |
| 700 1# - ADDED ENTRY--PERSONAL NAME |
| Personal name |
Zimmerman, Claire, |
| Dates associated with a name |
1961- |
| 830 #0 - SERIES ADDED ENTRY--UNIFORM TITLE |
| Uniform title |
Studies in British art ; |
| Volume number/sequential designation |
21. |
| 856 42 - ELECTRONIC LOCATION AND ACCESS |
| Materials specified |
Contributor biographical information |
| Uniform Resource Identifier |
<a href="http://www.loc.gov/catdir/enhancements/fy1106/2010027339-b.html">http://www.loc.gov/catdir/enhancements/fy1106/2010027339-b.html</a> |
| 856 42 - ELECTRONIC LOCATION AND ACCESS |
| Materials specified |
Publisher description |
| Uniform Resource Identifier |
<a href="http://www.loc.gov/catdir/enhancements/fy1106/2010027339-d.html">http://www.loc.gov/catdir/enhancements/fy1106/2010027339-d.html</a> |
| 906 ## - LOCAL DATA ELEMENT F, LDF (RLIN) |
| a |
7 |
| b |
cbc |
| c |
orignew |
| d |
1 |
| e |
ecip |
| f |
20 |
| g |
y-gencatlg |
| 942 ## - ADDED ENTRY ELEMENTS (KOHA) |
| Source of classification or shelving scheme |
|
| 955 ## - COPY-LEVEL INFORMATION (RLIN) |
| Book number/undivided call number, CCAL (RLIN) |
rc15 2010-06-28 |
| Copy status, CST (RLIN) |
rc15 2010-06-28 to Dewey |
| Classification number, CCAL (RLIN) |
xe04 2010-12-30 1 copy rec'd., to CIP ver. |